| 000 | 00583nam a2200217Ia 4500 | ||
|---|---|---|---|
| 001 | 9460 | ||
| 003 | AR-BaAGN | ||
| 005 | 20231116145020.0 | ||
| 007 | ta | ||
| 008 | 211213s1923 ag |||||||||||||| ||spa d | ||
| 040 |
_dAR-BaAGN _aAR-BaAGN _bspa _eaacr |
||
| 110 | _aArgentina | ||
| 240 | _aLeyes, etc. | ||
| 245 | 1 | 0 |
_aCreación de la Caja Nacional de Ahorro Postal : _bley nº 9527 y decreto reglamentario |
| 260 |
_aBuenos Aires : _bA. Baiocco, _c1923. |
||
| 300 | _a40 páginas | ||
| 336 |
_2rdacontent _btxt |
||
| 337 |
_2rdamedia _bn |
||
| 338 |
_2rdacarrier _bnc |
||
| 942 | _cLIBRO | ||
| 999 |
_c9460 _d9460 |
||